000 00766cam a22002657a 4500
003 CHAP
005 20220329133925.0
008 971013c19791928 r 00010 d
010 _a12740
011 _a13712
035 _a17784
040 _cCHAP
082 _a580.3
_bG5 1928
245 1 2 _aA glossary of botanic terms
260 _aLondon :
_bDuckworth,
_c1979 (c.1928)
300 _a481 p.
590 _aBATCH-UPD
_b10
_c20130110
_lUCH01
_h1627
590 _aBATCH-UPD
_b10
_c20130410
_lUCH01
_h1021
590 _aBATCH-UPD
_b10
_c20130914
_lUCH01
_h0728
590 _aCONVERSION
_b10
_c20130109
_lUCH01
_h1308
650 1 4 _aBotánica
_xDiccionarios.
_914530
901 _aBK
942 _cLIBRO
949 _a580.3 G5 1928
_bBC
_cC
_d33724000496097
_eC
_h50359
_i17784
_si
999 _c12740
_d12740